000 00704nam a2200169Ia 4500
003 GCL
008 140319s9999 xx 000 0 ara d
040 _aGCL /
_cGCL
082 0 4 _a920.71
_bا ا
100 1 _aابن الجوزى : ابوالفرج جمال الدين عبدالرحمن بن على بن محمد بن على القرشى البغدادى
245 1 0 _aاعمار الاعيان /
_cابن الجوزى : ابوالفرج جمال الدين عبدالرحمن بن على بن محمد بن على القرشى البغدادى
700 1 _aمحمود محمد الطناحى
300 _a200 ص
490 _aكتاب
_v0
650 0 4 _aالرجال - تراجم
942 _2ddc
_cBK
999 _c43238
_d43238